000 00250nam a2200109Ia 4500
005 20251222114350.0
008 251222s1900||||xx |||||||||||||| ||spa||
082 _aDVD0070/T72/2000
245 0 _aEl pianista
264 _bStudio Babelsberg
942 _cDVD
999 _c1199
_d1199